| 000 | 00463nam a22001697a 4500 | ||
|---|---|---|---|
| 003 | SGT | ||
| 020 | _a9789390020010 | ||
| 082 |
_a610.73 _bP23V |
||
| 100 | _aVATI, JOGINDRA | ||
| 245 | _aPRINCIPLES & PRACTICE OF NURSING MANAGEMENT & ADMINISTRATION | ||
| 250 | _a2ND | ||
| 260 |
_aINDIA _bJAYPEE PUB _c2023 |
||
| 300 | _a667 | ||
| 650 | _aNURSING MANAGEMENT | ||
| 653 | _aPRINCIPLES & PRACTICE OF NURSING MANAGEMENT & ADMINISTRATION | ||
| 942 |
_2ddc _cBK _065 |
||
| 999 |
_c24937 _d24937 |
||